00556 2200205 4500001002100000005001500021035002000036007000300056008004100059245005300100260003800153020002200191082001000213084001600223250001100239100002100250300005300271650001000324990001600334INLIS00000000000030120221027120244 a0010-1022000043ta221027 b h ind 1 aKomik Next-G: Senang Sekolah /cRaira Intenmanik aBandung :bMuffin Graphics,c2019 a978-602-367-641-5 a741.5 a741.5 RAI k aCet. 10 aRaira Intenmanik a100 halaman :bilustrasi tidak berwarna ;c21 cm 4akomik a00000000399